Loading...

Welfare economics: an assessment /

Bibliografiske detaljer
Hovedforfatter: Mishan, E. J.
Format: Printed Book
Sprog:English
Udgivet: Oxford: North Holland Pub. Co, 1975.
Fag:
LEADER 00512 a2200133 4500
008 100208b ||||| |||| 00| 0 eng d
082 |a 330.155 
100 |a Mishan, E. J. 
245 |a Welfare economics:   |b an assessment / 
260 |b North Holland Pub. Co,  |a Oxford:  |c 1975. 
650 |a Welfare economics 
942 |c BK 
999 |c 309701  |d 309701 
952 |0 0  |1 0  |2 ddc  |4 0  |6 330_155000000000000_MIS_W  |7 0  |9 355797  |a ECN  |b ECN  |c GEN  |d 2010-09-07  |e Touring Bookstall, Calicut  |g 0.00  |i 303  |l 0  |o 330.155 MIS/W  |p ECN303  |r 2010-09-07  |w 2010-09-07  |y BK